000 03517cam a22002174a 4500
005 20250605164113.0
008 250528s ||||||||||||||||||||||||d
035 _a17982
020 _a9786188368408
040 _aGR-AtMCL
_bgre
_dGR-AtMCL
_eAACR2
245 1 _aΕισαγωγή στο Μάρκετινγκ και την Έρευνα Αγοράς / 6η Έκδοση
250 _a
260 _bΑθήνα,
_c2018
300 _a472
505 0 _aΕισαγωγή στο Μάρκετινγκ και την Αγοραστική Συμπεριφορά, Ο Ρόλος του Μάρκετινγκ στην Κοινωνία και την Οικονομία, Αγοραστική Συμπεριφορά Ατόμων και Επιχειρήσεων και Οργανισμών, Έρευνα Μάρκετινγκ, Έρευνα Μάρκετινγκ και Έρευνα Αγοράς, Προσδιορισμός και Διατύπωση του Προβλήματος, Σχεδιασμός της Έρευνας και Προσδιορισμός των Πηγών των Πληροφοριών, Σχεδιασμός Μεθόδων Συλλογής Στοιχείων και Εργαλείων Έρευνας, Σχεδιασμός του Δείγματος και Συλλογή των Στοιχείων, Δεοντολογία στην Έρευνα Αγοράς, Στρατηγικό Μάρκετινγκ και Μίγμα Μάρκετινγκ, Πολιτική Προϊόντος, Πολιτική Διανομής, Πολιτική Τιμολόγησης, Το Μίγμα της Προώθησης, Τα Πλαίσια του Μάρκετινγκ, Μορφές και Πεδία Εφαρμογής του Μάρκετινγκ, Μάρκετινγκ στο Χώρο Υπηρεσιών Υγείας, Στοιχεία Μικροοικονομικής Ανάλυσης για την Τιμολόγηση, Βιβλιογραφία.
520 _aΕισαγωγή στο Μάρκετινγκ και την Αγοραστική Συμπεριφορά, Ο Ρόλος του Μάρκετινγκ στην Κοινωνία και την Οικονομία, Αγοραστική Συμπεριφορά Ατόμων και Επιχειρήσεων και Οργανισμών, Έρευνα Μάρκετινγκ, Έρευνα Μάρκετινγκ και Έρευνα Αγοράς, Προσδιορισμός και Διατύπωση του Προβλήματος, Σχεδιασμός της Έρευνας και Προσδιορισμός των Πηγών των Πληροφοριών, Σχεδιασμός Μεθόδων Συλλογής Στοιχείων και Εργαλείων Έρευνας, Σχεδιασμός του Δείγματος και Συλλογή των Στοιχείων, Δεοντολογία στην Έρευνα Αγοράς, Στρατηγικό Μάρκετινγκ και Μίγμα Μάρκετινγκ, Πολιτική Προϊόντος, Πολιτική Διανομής, Πολιτική Τιμολόγησης, Το Μίγμα της Προώθησης, Τα Πλαίσια του Μάρκετινγκ, Μορφές και Πεδία Εφαρμογής του Μάρκετινγκ, Μάρκετινγκ στο Χώρο Υπηρεσιών Υγείας, Στοιχεία Μικροοικονομικής Ανάλυσης για την Τιμολόγηση, Βιβλιογραφία.
700 1 _aΤομαράς Πέτρος
_94303
942 _cBK
999 _c3376
_d3376